Natural hazards and disasters / (Record no. 14572)

000 -LEADER
fixed length control field 01122cam a22003137a 4500
001 - CONTROL NUMBER
control field 13958397
005 - DATE AND TIME OF LATEST TRANSACTION
control field 20170105102858.0
008 - FIXED-LENGTH DATA ELEMENTS--GENERAL INFORMATION
fixed length control field 050509s2006 at ab b 001 0 eng d
010 ## - LIBRARY OF CONGRESS CONTROL NUMBER
LC control number 2005297997
020 ## - INTERNATIONAL STANDARD BOOK NUMBER
International Standard Book Number 0534997600
035 ## - SYSTEM CONTROL NUMBER
System control number (OCoLC)ocm59113997
040 ## - CATALOGING SOURCE
Original cataloging agency QCE
Transcribing agency QCE
Modifying agency DLC
042 ## - AUTHENTICATION CODE
Authentication code lccopycat
050 00 - LIBRARY OF CONGRESS CALL NUMBER
Classification number GB5014
Item number .H95 2006
082 00 - DEWEY DECIMAL CLASSIFICATION NUMBER
Classification number 363.34
Edition number 22
100 1# - MAIN ENTRY--PERSONAL NAME
Personal name Hyndman, Donald W.
245 10 - TITLE STATEMENT
Title Natural hazards and disasters /
Statement of responsibility, etc. Donald Hyndman, David Hyndman.
260 ## - PUBLICATION, DISTRIBUTION, ETC.
Place of publication, distribution, etc. Australia ;
-- United States :
Name of publisher, distributor, etc. Thomson Higher Education,
Date of publication, distribution, etc. c2006.
300 ## - PHYSICAL DESCRIPTION
Extent xvii, 490 p. :
Other physical details ill., maps ;
Dimensions 28 cm.
504 ## - BIBLIOGRAPHY, ETC. NOTE
Bibliography, etc. note Includes bibliographical references and index.
650 #0 - SUBJECT ADDED ENTRY--TOPICAL TERM
Topical term or geographic name entry element Natural disasters.
650 #0 - SUBJECT ADDED ENTRY--TOPICAL TERM
Topical term or geographic name entry element Disasters
Geographic subdivision United States.
650 #0 - SUBJECT ADDED ENTRY--TOPICAL TERM
Topical term or geographic name entry element Environmental risk assessment
Geographic subdivision United States.
650 #0 - SUBJECT ADDED ENTRY--TOPICAL TERM
Topical term or geographic name entry element Emergency management
Geographic subdivision United States.
700 1# - ADDED ENTRY--PERSONAL NAME
Personal name Hyndman, David W.
906 ## - LOCAL DATA ELEMENT F, LDF (RLIN)
a 7
b cbc
c copycat
d 3
e ncip
f 20
g y-gencatlg
942 ## - ADDED ENTRY ELEMENTS (KOHA)
Source of classification or shelving scheme
Koha item type Book
Holdings
Withdrawn status Lost status Damaged status Not for loan Collection code Permanent Location Current Location Shelving location Date acquired Total Checkouts Full call number Barcode Date last seen Price effective from Koha item type
          Centre for International Peace & Stability (CIPS) Centre for International Peace & Stability (CIPS) General Stacks 09/10/2013   363.34 HYN 2006 CIPS0000895 09/12/2013 09/12/2013 Book
© 2023 Central Library, National University of Sciences and Technology. All Rights Reserved.